[Event "SVR-op"]
[Site "Hennweiler"]
[Date "2018.03.24"]
[Round "1"]
[White "Werling, Lasse"]
[Black "Schroeder, Stefan"]
[Result "0-1"]
[WhiteElo "1083"]
[BlackElo "1721"]
[PlyCount "48"]
[EventDate "2018.03.24"]
[EventType "swiss"]
[EventRounds "7"]
[EventCountry "GER"]
[SourceTitle "EXT 2020"]
[Source "ChessBase"]
[SourceDate "2019.10.17"]
[SourceVersion "1"]
[SourceVersionDate "2019.10.17"]
[SourceQuality "1"]

1. e4 e6 2. d4 d5 3. exd5 exd5 4. Be2 Nf6 5. Nc3 Bd6 6. Bg5 c6 7. Nf3 0-0 8. 0-0 h6 9. Bh4 Bf5 10. Bd3 Bxd3 11. Qxd3 Nbd7 12. Rfe1 b5 13. Ne5 Qc7 14. Qg3 b4 15. Na4 Ne4 16. Qf4 Nxe5 17. dxe5 Bxe5 18. Qg4 Bxh2+ 19. Kh1 Be5 20. f3 Ng3+ 21. Kg1 f5 22. Qg6 Bd4+ 23. Kh2 Nf1+ 24. Kh3 Qh2# 0-1

[Event "Pyramiden Franken Cup"]
[Site "Fuerth"]
[Date "2015.09.06"]
[Round "7"]
[White "Adler, Herbert"]
[Black "Schroeder, Stefan"]
[Result "1-0"]
[WhiteElo "2001"]
[BlackElo "1791"]
[PlyCount "69"]
[EventDate "2015.09.03"]
[EventType "swiss"]
[EventRounds "7"]
[EventCountry "GER"]
[SourceTitle "EXT 2016"]
[Source "ChessBase"]
[SourceDate "2015.10.08"]
[SourceVersion "1"]
[SourceVersionDate "2015.10.08"]
[SourceQuality "1"]

1. d4 Nf6 2. Nf3 d5 3. g3 e6 4. c4 c6 5. Bg2 Nbd7 6. Qc2 Bb4+ 7. Bd2 Bxd2+ 8. Nbxd2 0-0 9. 0-0 Re8 10. Rfd1 Qe7 11. e4 dxe4 12. Nxe4 Nxe4 13. Qxe4 Nf6 14. Qc2 Rd8 15. c5 Nd5 16. Ne5 Bd7 17. Nc4 Be8 18. a3 f6 19. Re1 Nc7 20. Nd6 Nb5 21. Nxb5 cxb5 22. d5 Rac8 23. b4 Bf7 24. Qe2 e5 25. Rad1 Qd7 26. Qf1 Ra8 27. c6 bxc6 28. dxc6 Qc7 29. Qxb5 Rab8 30. Qc5 Be6 31. b5 Bb3 32. Bd5+ Bxd5 33. Rxd5 Kf7 34. Red1 Qa5 35. c7 1-0

[Event "Pyramiden Franken Cup"]
[Site "Fuerth"]
[Date "2015.09.04"]
[Round "2"]
[White "Leis, Stefan"]
[Black "Schroeder, Stefan"]
[Result "1/2-1/2"]
[WhiteElo "1998"]
[BlackElo "1791"]
[PlyCount "65"]
[EventDate "2015.09.03"]
[EventType "swiss"]
[EventRounds "7"]
[EventCountry "GER"]
[SourceTitle "EXT 2016"]
[Source "ChessBase"]
[SourceDate "2015.10.08"]
[SourceVersion "1"]
[SourceVersionDate "2015.10.08"]
[SourceQuality "1"]

1. d4 Nf6 2. Nc3 d5 3. e4 Nxe4 4. Nxe4 dxe4 5. Bf4 c6 6. Qd2 Bf5 7. 0-0-0 e6 8. h3 Bd6 9. Ne2 Qc7 10. g4 Bg6 11. h4 h5 12. Bxd6 Qxd6 13. Nf4 Rh6 14. f3 exf3 15. g5 Rh8 16. Nxg6 fxg6 17. Bd3 Nd7 18. Bxg6+ Ke7 19. Qe3 Raf8 20. Kb1 Qf4 21. Qf2 Nb6 22. Rde1 Nc4 23. Rh2 Nd6 24. b3 Nb5 25. c4 Nc3+ 26. Kc2 Ne2 27. d5 cxd5 28. Qc5+ Qd6 29. Qxa7 Qxh2 30. Qxb7+ Kd8 31. Qa8+ Kd7 32. Qa4+ Kc8 33. Qa6+ 1/2-1/2

[Event "Pyramiden Franken Cup"]
[Site "Fuerth"]
[Date "2015.09.04"]
[Round "3"]
[White "Schroeder, Stefan"]
[Black "Birkmann, Guenther"]
[Result "1/2-1/2"]
[WhiteElo "1791"]
[BlackElo "2054"]
[PlyCount "39"]
[EventDate "2015.09.03"]
[EventType "swiss"]
[EventRounds "7"]
[EventCountry "GER"]
[SourceTitle "EXT 2016"]
[Source "ChessBase"]
[SourceDate "2015.10.08"]
[SourceVersion "1"]
[SourceVersionDate "2015.10.08"]
[SourceQuality "1"]

1. d4 g6 2. Nf3 Bg7 3. Bf4 d6 4. c3 Nd7 5. Qb3 Ngf6 6. Nbd2 d5 7. e3 c6 8. Bd3 Nh5 9. Bg5 h6 10. Bh4 g5 11. Bg3 Nxg3 12. hxg3 Qb6 13. e4 Qxb3 14. axb3 dxe4 15. Nxe4 b6 16. Kd1 Bb7 17. Re1 0-0 18. Rh1 a5 19. Nexg5 c5 20. Be4 1/2-1/2

[Event "Pyramiden Franken Cup"]
[Site "Fuerth"]
[Date "2015.09.03"]
[Round "1"]
[White "Brem, Stephan"]
[Black "Schroeder, Stefan"]
[Result "1-0"]
[WhiteElo "2063"]
[BlackElo "1791"]
[PlyCount "39"]
[EventDate "2015.09.03"]
[EventType "swiss"]
[EventRounds "7"]
[EventCountry "GER"]
[SourceTitle "EXT 2016"]
[Source "ChessBase"]
[SourceDate "2015.10.08"]
[SourceVersion "1"]
[SourceVersionDate "2015.10.08"]
[SourceQuality "1"]

1. f4 e5 2. fxe5 d6 3. Nf3 Nc6 4. e4 Nxe5 5. d4 Nxf3+ 6. Qxf3 Nf6 7. Bc4 Qe7 8. 0-0 Be6 9. Bb5+ Bd7 10. e5 dxe5 11. Qxb7 Rd8 12. Bg5 exd4 13. Nc3 Qc5 14. Bxd7+ Rxd7 15. Ne4 Qd5 16. Rae1 Nxe4 17. Qc8+ Rd8 18. Rxe4+ Be7 19. Rxe7+ Kf8 20. Rexf7+ 1-0

[Event "Stuttgart-chB op"]
[Site "Ditzingen"]
[Date "2015.05.15"]
[Round "4"]
[White "Schroeder, Stefan"]
[Black "Paulsen, Jonathan"]
[Result "1/2-1/2"]
[WhiteElo "1791"]
[BlackElo "1714"]
[PlyCount "82"]
[EventDate "2015.05.17"]
[EventType "swiss"]
[EventRounds "7"]
[EventCountry "GER"]
[SourceTitle "EXT 2018"]
[Source "ChessBase"]
[SourceDate "2017.10.13"]
[SourceVersion "1"]
[SourceVersionDate "2017.10.13"]
[SourceQuality "1"]

1. d4 Nf6 2. Nf3 g6 3. e3 Bg7 4. c4 0-0 5. Nc3 d5 6. Be2 c6 7. 0-0 Na6 8. b3 Nc7 9. Bb2 Bg4 10. Ne5 Bxe2 11. Qxe2 Nce8 12. c5 Nd7 13. Nd3 e5 14. dxe5 Nxe5 15. Rfd1 Qe7 16. Rac1 Nxd3 17. Rxd3 Nf6 18. Rdd1 Bh6 19. Rc2 Ne4 20. Nxe4 Qxe4 21. Qd3 Qxd3 22. Rxd3 Rae8 23. Rd4 f5 24. Kf1 Re4 25. Rxe4 fxe4 26. Ke2 Rf5 27. b4 Rf8 28. Bd4 Bg7 29. a4 a6 30. Bxg7 Kxg7 31. f3 Re8 32. Rd2 Kf6 33. Rd4 Kf5 34. fxe4+ Rxe4 35. Kd3 Rxd4+ 36. Kxd4 h6 37. b5 a5 38. b6 Ke6 39. e4 dxe4 40. Kxe4 Kf6 41. g4 g5 1/2-1/2

[Event "Pyramiden Franken Cup"]
[Site "Fuerth"]
[Date "2014.09.06"]
[Round "4"]
[White "Schroeder, Stefan"]
[Black "Sieber, Heiko"]
[Result "0-1"]
[WhiteElo "1823"]
[BlackElo "2021"]
[PlyCount "120"]
[EventDate "2014.09.04"]
[EventType "swiss"]
[EventRounds "7"]
[EventCountry "GER"]
[SourceTitle "CBM 162 Extra"]
[Source "ChessBase"]
[SourceDate "2014.10.17"]
[SourceVersion "1"]
[SourceVersionDate "2014.10.17"]
[SourceQuality "1"]

1. d4 d5 2. Nf3 Nf6 3. e3 e6 4. Bd3 Bd6 5. Nbd2 Nbd7 6. 0-0 0-0 7. c3 e5 8. e4 dxe4 9. Nxe4 Nxe4 10. Bxe4 h6 11. dxe5 Nxe5 12. Nxe5 Bxe5 13. Qxd8 Rxd8 14. f4 Bf6 15. Bf3 c6 16. Be3 Be6 17. Rfd1 Rxd1+ 18. Bxd1 Bd5 19. Kf2 a5 20. Bf3 Be6 21. a3 Kf8 22. Rd1 Ke8 23. Bc5 Bb3 24. Rd2 g6 25. Bg4 Bh4+ 26. g3 f5 27. Bxf5 Bxg3+ 28. hxg3 gxf5 29. Re2+ Kd8 30. Re5 Bc2 31. Re7 b6 32. Rh7 Ra6 33. Be3 a4 34. Rxh6 Kc7 35. Bd4 Ra8 36. Rh7+ Kd6 37. Bxb6 Kd5 38. Rd7+ Kc4 39. Rd4+ Kb3 40. Rb4+ Ka2 41. Bd4 Rc8 42. Rb6 c5 43. Be5 c4 44. Ke3 Rg8 45. Kd4 Bb3 46. Bd6 Rxg3 47. Ke5 Bc2 48. Rb4 Re3+ 49. Kd4 Re4+ 50. Kc5 Bb3 51. Rb5 Kxb2 52. Kc6 Kxc3 53. Rxf5 Kb2 54. Rc5 Re6 55. f5 Rxd6+ 56. Kxd6 c3 57. Re5 c2 58. Re2 Kxa3 59. Re1 Kb2 60. f6 a3 0-1

[Event "Arber op 3rd"]
[Site "Bayerisch Eisenstein"]
[Date "2014.08.24"]
[Round "9"]
[White "Trinkl, Andreas"]
[Black "Schroeder, Stefan"]
[Result "1-0"]
[WhiteElo "1817"]
[BlackElo "1845"]
[PlyCount "75"]
[EventDate "2014.08.16"]
[EventType "swiss"]
[EventRounds "9"]
[EventCountry "GER"]
[SourceTitle "CBM 161 Extra"]
[Source "ChessBase"]
[SourceDate "2014.08.29"]
[SourceVersion "1"]
[SourceVersionDate "2014.08.29"]
[SourceQuality "1"]

1. Nf3 Nf6 2. g3 b6 3. Bg2 Bb7 4. c4 e6 5. b3 d5 6. 0-0 dxc4 7. bxc4 Be7 8. Bb2 c5 9. d3 0-0 10. Nbd2 Nc6 11. Nb3 Qc7 12. Rb1 Rad8 13. Qc1 Rd7 14. Bc3 Rfd8 15. Qb2 Ne8 16. Ne5 Nxe5 17. Bxe5 Qc8 18. Bxb7 Qxb7 19. h4 Qc6 20. Nd2 Bf6 21. Nf3 Qc8 22. a4 Bxe5 23. Nxe5 Rd6 24. a5 f6 25. Nf3 e5 26. Nd2 Qh3 27. axb6 axb6 28. Ra1 Re6 29. Ra6 Rb8 30. Rfa1 Nc7 31. Ra7 Rc6 32. Nf3 Ne6 33. Ra8 Rcc8 34. R8a6 Rc6 35. Qb5 Rd6 36. Ra8 Rxa8 37. Rxa8+ Kf7 38. Qe8# 1-0

[Event "Arber op 3rd"]
[Site "Bayerisch Eisenstein"]
[Date "2014.08.17"]
[Round "2"]
[White "Schroeder, Stefan"]
[Black "Jenisch, Achim"]
[Result "1/2-1/2"]
[WhiteElo "1845"]
[BlackElo "1830"]
[PlyCount "69"]
[EventDate "2014.08.16"]
[EventType "swiss"]
[EventRounds "9"]
[EventCountry "GER"]
[SourceTitle "CBM 161 Extra"]
[Source "ChessBase"]
[SourceDate "2014.08.29"]
[SourceVersion "1"]
[SourceVersionDate "2014.08.29"]
[SourceQuality "1"]

1. d4 Nf6 2. Nf3 g6 3. e3 Bg7 4. Bd3 0-0 5. 0-0 b6 6. Nbd2 Bb7 7. c4 Na6 8. a3 c5 9. b3 d5 10. Bb2 Rc8 11. Qe2 cxd4 12. exd4 Nc7 13. Rfe1 Re8 14. Ne5 Ne6 15. Nxf7 Nf4 16. Nxd8 Nxe2+ 17. Rxe2 Rcxd8 18. Rae1 Kf8 19. c5 Bc6 20. b4 bxc5 21. dxc5 d4 22. Nb3 Nd5 23. Bxd4 Nf4 24. Bxg7+ Kxg7 25. Bc4 Nxe2+ 26. Bxe2 Ba4 27. Na5 Rd2 28. Bf3 Kf6 29. Nc4 Rc2 30. Ne3 Ra2 31. Nd5+ Kg7 32. Nc3 Rxa3 33. Nxa4 Rb8 34. Nb2 Rxb4 35. Nd1 1/2-1/2

[Event "Stuttgart-chB int"]
[Site "Ditzingen"]
[Date "2014.05.31"]
[Round "6"]
[White "Domingos, Antonio"]
[Black "Schroeder, Stefan"]
[Result "0-1"]
[WhiteElo "1690"]
[BlackElo "1845"]
[PlyCount "66"]
[EventDate "2014.05.29"]
[EventType "swiss"]
[EventRounds "7"]
[EventCountry "GER"]
[SourceTitle "EXT 2015"]
[Source "ChessBase"]
[SourceDate "2014.11.20"]
[SourceVersion "1"]
[SourceVersionDate "2014.11.20"]
[SourceQuality "1"]

1. e4 d5 2. exd5 Qxd5 3. d4 Nc6 4. Ne2 e5 5. Nbc3 Bb4 6. Bd2 Bxc3 7. Bxc3 exd4 8. Nxd4 Nxd4 9. Qxd4 Qxd4 10. Bxd4 f6 11. Bc4 Bf5 12. 0-0-0 0-0-0 13. Bxa7 Ne7 14. Be3 Nc6 15. c3 Ne5 16. Be2 Rhe8 17. Rxd8+ Kxd8 18. Rd1+ Kc8 19. Rd4 Bd7 20. Rh4 h6 21. Rd4 Bc6 22. Bg4+ Nxg4 23. Rxg4 g5 24. g3 Kd7 25. Kd2 Ke6 26. Rd4 Bf3 27. a4 c5 28. Rc4 Rd8+ 29. Kc2 Bd1+ 30. Kb1 b6 31. Ka2 Kd5 32. b3 Be2 33. Bxc5 bxc5 0-1

[Event "Arber op 2nd"]
[Site "Bayerisch Eisenstein"]
[Date "2013.07.04"]
[Round "6"]
[White "Schroeder, Stefan"]
[Black "Zepke, Armin"]
[Result "1/2-1/2"]
[WhiteElo "1814"]
[BlackElo "2117"]
[PlyCount "59"]
[EventDate "2013.06.29"]
[EventType "swiss"]
[EventRounds "9"]
[EventCountry "GER"]
[SourceTitle "CBM 155 Extra"]
[Source "ChessBase"]
[SourceDate "2013.08.26"]
[SourceVersion "1"]
[SourceVersionDate "2013.08.26"]
[SourceQuality "1"]

1. d4 d5 2. Nf3 c6 3. e3 Nf6 4. h3 Bf5 5. Bd3 e6 6. c3 Ne4 7. Qc2 Bg6 8. Nbd2 f5 9. 0-0 Nd7 10. Ne5 Nxe5 11. dxe5 Qh4 12. Nf3 Qh6 13. Nd4 Bf7 14. f3 Ng3 15. e4 f4 16. Re1 dxe4 17. Bxe4 Bc5 18. b4 Bb6 19. b5 0-0 20. bxc6 bxc6 21. Ba3 Rfd8 22. Rad1 Rac8 23. Bc1 g5 24. Kh2 Qf8 25. Bxh7+ Kg7 26. Be4 Qc5 27. Qb3 Nxe4 28. Rxe4 Kg6 29. Rde1 Rd5 30. Ba3 1/2-1/2

[Event "Arber op 2nd"]
[Site "Bayerisch Eisenstein"]
[Date "2013.07.03"]
[Round "5"]
[White "Schroeder, Stefan"]
[Black "Hermann, Manfred"]
[Result "0-1"]
[WhiteElo "1814"]
[BlackElo "2320"]
[PlyCount "84"]
[EventDate "2013.06.29"]
[EventType "swiss"]
[EventRounds "9"]
[EventCountry "GER"]
[SourceTitle "CBM 155 Extra"]
[Source "ChessBase"]
[SourceDate "2013.08.26"]
[SourceVersion "1"]
[SourceVersionDate "2013.08.26"]
[SourceQuality "1"]

1. d4 d5 2. Nf3 Nf6 3. e3 c6 4. Bd3 Bg4 5. Nbd2 e6 6. c3 Nbd7 7. Qc2 Bd6 8. e4 dxe4 9. Nxe4 Nxe4 10. Bxe4 Nf6 11. Bg5 Qc7 12. h3 Bh5 13. Bxf6 gxf6 14. g4 Bg6 15. 0-0-0 0-0-0 16. Rhe1 Kb8 17. Kb1 a6 18. Nd2 Be7 19. Nb3 Qh2 20. Rh1 Qf4 21. Bxg6 hxg6 22. Qd2 Qf3 23. Qe3 Qxe3 24. fxe3 Rh4 25. Rdf1 Rdh8 26. Rf3 Rxg4 27. hxg4 Rxh1+ 28. Kc2 Kc7 29. Nc5 Rh2+ 30. Kb1 Bxc5 31. dxc5 f5 32. gxf5 exf5 33. e4 Rh5 34. exf5 Rxf5 35. Rxf5 gxf5 36. Kc2 Kd7 37. Kd3 Ke6 38. Kd4 Kf6 39. b4 f4 40. Ke4 Kg5 41. Kf3 Kf5 42. a4 Ke5 0-1

[Event "Arber op 2nd"]
[Site "Bayerisch Eisenstein"]
[Date "2013.06.30"]
[Round "2"]
[White "Schroeder, Stefan"]
[Black "Vrublevskaya, Olga"]
[Result "0-1"]
[WhiteElo "1814"]
[BlackElo "2156"]
[PlyCount "51"]
[EventDate "2013.06.29"]
[EventType "swiss"]
[EventRounds "9"]
[EventCountry "GER"]
[SourceTitle "CBM 155 Extra"]
[Source "ChessBase"]
[SourceDate "2013.08.26"]
[SourceVersion "1"]
[SourceVersionDate "2013.08.26"]
[SourceQuality "1"]

1. d4 Nf6 2. Nf3 g6 3. e3 Bg7 4. Bd3 0-0 5. Nbd2 c5 6. c3 d6 7. Qe2 Nc6 8. 0-0 b6 9. Rb1 Be6 10. b3 cxd4 11. Bb5 dxc3 12. Bxc6 cxd2 13. Bxd2 Rc8 14. Qb5 Bf5 15. Rbc1 Ne4 16. Bxe4 Bxe4 17. Rxc8 Qxc8 18. Rc1 Qb7 19. Ne1 Bb2 20. Rc4 a6 21. Qb4 d5 22. Rc5 Rb8 23. Rc3 f6 24. f3 a5 25. Qb5 Bxc3 26. Bxc3 0-1

[Event "GER-ch U25 op-A"]
[Site "Oberhof"]
[Date "2013.05.25"]
[Round "9"]
[White "Goettel, Tobias"]
[Black "Schroeder, Stefan"]
[Result "1-0"]
[WhiteElo "1939"]
[BlackElo "1694"]
[PlyCount "39"]
[EventDate "2013.05.19"]
[EventType "swiss"]
[EventRounds "9"]
[EventCountry "GER"]
[SourceTitle "CBM 154 Extra"]
[Source "ChessBase"]
[SourceDate "2013.06.25"]
[SourceVersion "2"]
[SourceVersionDate "2013.06.25"]
[SourceQuality "1"]

1. e4 e6 2. d4 d5 3. Nc3 Bb4 4. e5 c5 5. Bd2 cxd4 6. Nb5 Be7 7. Qg4 Kf8 8. Nf3 Nc6 9. Bd3 f6 10. Nbxd4 Nxd4 11. Qxd4 fxe5 12. Nxe5 Nf6 13. 0-0 Bd7 14. Rfe1 a6 15. Qe3 Be8 16. Nf3 Bd7 17. Ng5 Qc7 18. Qxe6 Be8 19. Qxf6+ Bxf6 20. Ne6+ 1-0

[Event "GER-ch Net qual3 U14"]
[Site "Playchess.com INT"]
[Date "2011.05.08"]
[Round "1"]
[White "Schroeder, Stefan"]
[Black "Dittrich, Tom"]
[Result "1-0"]
[WhiteElo "1700"]
[BlackElo "1394"]
[PlyCount "149"]
[EventDate "2011.05.08"]
[EventType "swiss (blitz)"]
[EventRounds "7"]
[EventCountry "GER"]
[SourceTitle "CBM 142 Extra"]
[Source "ChessBase"]
[SourceDate "2011.06.27"]
[SourceVersion "1"]
[SourceVersionDate "2011.06.27"]
[SourceQuality "1"]

1. d4 Nf6 2. c4 e5 3. dxe5 Ng4 4. Nf3 Nc6 5. Bf4 Bb4+ 6. Nbd2 Qe7 7. a3 Ngxe5 8. Nxe5 Nxe5 9. e3 Bxd2+ 10. Qxd2 0-0 11. Be2 d6 12. 0-0 Be6 13. Qc3 Rad8 14. Bxe5 dxe5 15. Qxe5 f6 16. Qc3 c5 17. Rad1 Rxd1 18. Rxd1 Rd8 19. Rxd8+ Qxd8 20. Qd3 Qb6 21. Qc3 Qd6 22. Bf3 b6 23. Kf1 Kf7 24. g3 Bh3+ 25. Ke2 Bf5 26. Qd2 Qe7 27. Bd5+ Kg6 28. e4 Bc8 29. Qf4 f5 30. e5 h6 31. Qe3 Kh7 32. f4 g5 33. Qf3 g4 34. Qg2 h5 35. h3 Kg6 36. hxg4 hxg4 37. Qh2 Qh7 38. Qxh7+ Kxh7 39. b4 Kg7 40. Kd3 Kf8 41. Kc3 Ke7 42. bxc5 bxc5 43. Kb3 Bd7 44. e6 Bxe6 45. Bxe6 Kxe6 46. Ka4 Kd6 47. Kb5 a6+ 48. Kb6 a5 49. a4 Kd7 50. Kxc5 Kc7 51. Kb5 Kd6 52. c5+ Kc7 53. Kxa5 Kc6 54. Ka6 Kxc5 55. Kb7 Kb4 56. Kc6 Kxa4 57. Kd5 Kb3 58. Ke5 Kc3 59. Kxf5 Kd3 60. Kxg4 Ke4 61. Kg5 Kd5 62. f5 Ke5 63. Kg6 Kd6 64. f6 Ke5 65. f7 Ke4 66. f8Q Ke3 67. Kg5 Ke2 68. Kg4 Ke1 69. Qf3 Kd2 70. Kf4 Kc2 71. Ke4 Kb2 72. Kd4 Ka1 73. Qg2 Kb1 74. Kc3 Ka1 75. Qb2# 1-0

[Event "GER-ch Net qual3 U14"]
[Site "Playchess.com INT"]
[Date "2011.05.08"]
[Round "6"]
[White "Schroeder, Stefan"]
[Black "Lavrinenkov, Vadim"]
[Result "1-0"]
[WhiteElo "1700"]
[BlackElo "1575"]
[PlyCount "49"]
[EventDate "2011.05.08"]
[EventType "swiss (blitz)"]
[EventRounds "7"]
[EventCountry "GER"]
[SourceTitle "CBM 142 Extra"]
[Source "ChessBase"]
[SourceDate "2011.06.27"]
[SourceVersion "1"]
[SourceVersionDate "2011.06.27"]
[SourceQuality "1"]

1. d4 d5 2. c4 c6 3. Nf3 Nf6 4. Nc3 e6 5. e3 Nbd7 6. Bd3 dxc4 7. Bxc4 b5 8. Bd3 a6 9. 0-0 c5 10. e4 cxd4 11. Nxd4 Nc5 12. Re1 Qxd4 13. Bxb5+ axb5 14. Qxd4 Bb7 15. Bf4 Rd8 16. Qe3 Nfxe4 17. Nxb5 Rd7 18. Rad1 Bd5 19. Nc7+ Kd8 20. Nxd5 exd5 21. Be5 f6 22. Bd4 Ne6 23. Bb6+ Ke8 24. Qb3 Nf4 25. f3 1-0

[Event "GER-ch Net qual3 U14"]
[Site "Playchess.com INT"]
[Date "2011.05.08"]
[Round "7"]
[White "Schroeder, Stefan"]
[Black "Wastian, Jan"]
[Result "0-1"]
[WhiteElo "1700"]
[BlackElo "1551"]
[PlyCount "68"]
[EventDate "2011.05.08"]
[EventType "swiss (blitz)"]
[EventRounds "7"]
[EventCountry "GER"]
[SourceTitle "CBM 142 Extra"]
[Source "ChessBase"]
[SourceDate "2011.06.27"]
[SourceVersion "1"]
[SourceVersionDate "2011.06.27"]
[SourceQuality "1"]

1. d4 d5 2. c4 c6 3. Nf3 Nf6 4. Nc3 e6 5. e3 Nbd7 6. Bd3 dxc4 7. Bxc4 b5 8. Bd3 Bb7 9. e4 b4 10. Ne2 c5 11. Ng3 cxd4 12. Nxd4 e5 13. Ndf5 Bc5 14. 0-0 0-0 15. Bg5 Qb6 16. Nh5 g6 17. Nxf6+ Nxf6 18. Ng3 Rfd8 19. Qe2 Rd6 20. Bc4 Rad8 21. Rac1 Rd4 22. Bxf6 Qxf6 23. Bxf7+ Qxf7 24. Rxc5 Rd2 25. Qe3 Rxb2 26. Rxe5 Ba6 27. Nf5 Kh8 28. Re7 Qf6 29. Qxa7 gxf5 30. Rxh7+ Kg8 31. e5 Qg6 32. Qc7 Rbd2 33. Rh3 Bxf1 34. Qe7 Qxg2# 0-1

[Event "GER-ch Net qual2 U14"]
[Site "Playchess.com INT"]
[Date "2011.05.04"]
[Round "1"]
[White "Schroeder, Stefan"]
[Black "Caprita, Victor"]
[Result "1-0"]
[WhiteElo "1697"]
[BlackElo "1319"]
[PlyCount "39"]
[EventDate "2011.05.04"]
[EventType "swiss (blitz)"]
[EventRounds "7"]
[EventCountry "GER"]
[SourceTitle "CBM 142 Extra"]
[Source "ChessBase"]
[SourceDate "2011.06.27"]
[SourceVersion "1"]
[SourceVersionDate "2011.06.27"]
[SourceQuality "1"]

1. d4 d5 2. c4 e6 3. Nc3 c6 4. Nf3 Nf6 5. e3 Nbd7 6. Bd3 Be7 7. 0-0 0-0 8. Qc2 h6 9. e4 Qc7 10. e5 Ne8 11. Be3 Nb6 12. cxd5 exd5 13. Qd2 Bg4 14. Kh1 Bxf3 15. gxf3 f6 16. e6 Nd6 17. Bxh6 gxh6 18. Qxh6 Rf7 19. Rg1+ Rg7 20. Qxg7# 1-0

[Event "GER-ch Net qual1 U14"]
[Site "Playchess.com INT"]
[Date "2011.05.01"]
[Round "5"]
[White "Schaller, Bettina"]
[Black "Schroeder, Stefan"]
[Result "0-1"]
[WhiteElo "1279"]
[BlackElo "1688"]
[PlyCount "106"]
[EventDate "2011.05.01"]
[EventType "swiss (blitz)"]
[EventRounds "7"]
[EventCountry "GER"]
[SourceTitle "CBM 142 Extra"]
[Source "ChessBase"]
[SourceDate "2011.06.27"]
[SourceVersion "1"]
[SourceVersionDate "2011.06.27"]
[SourceQuality "1"]

1. d4 Nf6 2. Bf4 e6 3. e3 c5 4. Nf3 Nc6 5. c3 Be7 6. Bd3 0-0 7. 0-0 b6 8. Ne5 Bb7 9. Nd2 d6 10. Nxc6 Bxc6 11. Bg5 Qc7 12. Bxf6 Bxf6 13. Be4 Qb7 14. Bxc6 Qxc6 15. Qf3 Qb5 16. Rab1 d5 17. Rfd1 Qa4 18. a3 Rac8 19. Qf4 Qb5 20. Nf3 cxd4 21. exd4 Rc4 22. Ne5 Bxe5 23. Qxe5 Rfc8 24. Qd6 Qb3 25. Qd7 R4c7 26. Qd6 b5 27. Qb4 Qc4 28. Qxc4 Rxc4 29. Kf1 Kf8 30. Ke2 Ke7 31. Ke3 Kd6 32. f4 a5 33. Rdc1 b4 34. a4 bxc3 35. Rxc3 Rxc3+ 36. bxc3 Rxc3+ 37. Kf2 Rc4 38. Rb6+ Kc7 39. Ra6 Rxa4 40. Ra7+ Kd6 41. Rxf7 Rxd4 42. Kf3 a4 43. Rxg7 a3 44. Rxh7 Ra4 45. Rh6 a2 46. f5 a1Q 47. Rxe6+ Kc5 48. f6 Qc3+ 49. Kf2 Ra2+ 50. Kf1 Qc1+ 51. Re1 Qf4+ 52. Kg1 Qf2+ 53. Kh1 Qxg2# 0-1

[Event "GER-ch Net qual1 U14"]
[Site "Playchess.com INT"]
[Date "2011.05.01"]
[Round "4"]
[White "Schroeder, Stefan"]
[Black "Zimmermann, Felix"]
[Result "1-0"]
[WhiteElo "1688"]
[BlackElo "1252"]
[PlyCount "77"]
[EventDate "2011.05.01"]
[EventType "swiss (blitz)"]
[EventRounds "7"]
[EventCountry "GER"]
[SourceTitle "CBM 142 Extra"]
[Source "ChessBase"]
[SourceDate "2011.06.27"]
[SourceVersion "1"]
[SourceVersionDate "2011.06.27"]
[SourceQuality "1"]

1. d4 d5 2. c4 dxc4 3. e3 Nf6 4. Nf3 b5 5. a4 Ba6 6. axb5 Bxb5 7. Nc3 Ba6 8. Rxa6 Nxa6 9. Qa4+ Qd7 10. Qxa6 e6 11. Bxc4 c6 12. 0-0 Bb4 13. Na4 0-0 14. Bd2 Rab8 15. Bxb4 Rxb4 16. Nc5 Qc7 17. Qa3 Rxc4 18. Ne5 Rc2 19. Qb3 Re2 20. Ncd3 Rb8 21. Qd1 Rexb2 22. Nxb2 Rxb2 23. Qa4 Rb6 24. Rc1 Nd5 25. g3 Ne7 26. Qa3 f6 27. Nc4 Rb8 28. Na5 Kf7 29. Qc5 Rc8 30. Nc4 Rd8 31. Ra1 Ra8 32. Ra6 g6 33. Na5 h6 34. Nxc6 Nxc6 35. Rxc6 Qd8 36. Rc7+ Ke8 37. Qc6+ Kf8 38. Qxe6 a5 39. Qf7# 1-0

[Event "Oberfranken-ch U16 0405"]
[Site "Schney"]
[Date "2005.01.04"]
[Round "7"]
[White "Verlatov, Artjom"]
[Black "Schroeder, Stefan"]
[Result "1-0"]
[WhiteElo "1709"]
[BlackElo "1382"]
[PlyCount "54"]
[EventDate "2005.01.02"]
[EventType "swiss"]
[EventRounds "7"]
[EventCountry "GER"]
[SourceTitle "EXT 2007"]
[Source "ChessBase"]
[SourceDate "2006.11.23"]
[SourceVersion "1"]
[SourceVersionDate "2006.11.23"]
[SourceQuality "1"]

1. f4 d5 2. g3 Bf5 3. Nf3 Nc6 4. Bg2 Nf6 5. 0-0 g6 6. d3 Bg7 7. Qe1 0-0 8. c3 Re8 9. Nh4 Qc8 10. e4 dxe4 11. dxe4 Bg4 12. f5 Rd8 13. Nd2 e6 14. h3 Bxh3 15. Bxh3 exf5 16. exf5 Rd5 17. Kh2 Qd7 18. fxg6 Qd6 19. gxf7+ Kxf7 20. Nf5 Qe5 21. Nxg7 Qxe1 22. Rxe1 Kxg7 23. Nf3 Rh5 24. Kg2 Re8 25. Rxe8 Nxe8 26. Bd7 Nf6 27. Bxc6 bxc6 1-0

[Event "Oberfranken-ch U16 0304"]
[Site "Schney"]
[Date "2004.01.02"]
[Round "2"]
[White "Schroeder, Stefan"]
[Black "Oehrlein, Alexander"]
[Result "0-1"]
[WhiteElo "1273"]
[BlackElo "1803"]
[PlyCount "64"]
[EventDate "2004.01.02"]
[EventType "swiss"]
[EventRounds "7"]
[EventCountry "GER"]
[SourceTitle "EXT 2005"]
[Source "ChessBase"]
[SourceDate "2004.11.15"]
[SourceVersion "1"]
[SourceVersionDate "2004.11.15"]
[SourceQuality "1"]

1. e4 c5 2. Nf3 d6 3. Nc3 Nc6 4. Bc4 Nf6 5. 0-0 e6 6. Re1 a6 7. a4 Qc7 8. h3 Be7 9. d3 0-0 10. Be3 Qb6 11. Rb1 Nd4 12. Bxd4 cxd4 13. Ne2 e5 14. c3 dxc3 15. bxc3 Qc7 16. Qd2 Nxe4 17. Qa2 Ng5 18. Nxg5 Bxg5 19. Rb2 Ra7 20. Reb1 b5 21. Bd5 Bd7 22. Bb3 g6 23. c4 Kg7 24. cxb5 axb5 25. Ra1 bxa4 26. Bc2 Rc8 27. Qb1 a3 28. Rba2 Be6 29. Bb3 Rb8 30. Rxa3 Rxa3 31. Rxa3 Qb6 32. Nc1 Qc5 0-1